Things that are After - Statistics

General Stats
  • This quiz has been taken 1,799 times
  • The average score is 9 of 15
Answer Stats
Hint Answer % Correct
The time between mid-day and evening afternoon
98%
What most religions believe happens post death after life
97%
A flavour that lingers in the mouth aftertaste
95%
male grooming scented lotion, applied to the face and neck aftershave
93%
An idea or reply that occurs too late to be used afterthought
80%
Smaller earthquake that follws a larger one aftershock
79%
The consequences of a very significant, devastating event aftermath
67%
Used in jet engines to provide more thrust afterburner
61%
Cramps or aching following childbirth, caused by contractions of the uterus afterpain
61%
Follow up treatment after a medical procedure aftercare
59%
What follows after the primary action of something after-effect
37%
From that point on, and going forward thereafter
31%
Upper floor of the ship towards the stern of the vessel afterdeck
30%
Parts used in the upkeep of a previous purchase aftermarket
19%
Unbreathable mixture of gases, left in a mine after an explosion or fire afterdamp
3%
No matching quizzes found
Score Distribution
Percent of People with Each Score
Percentile by Number Answered
Your Score History
You have not taken this quiz